00956nam a2200253 a 4500001001000000003000400010005001700014008004100031040002500072082002600097100003700123245004900160250002500209260004200234300002100276590002800297650002900325650003100354910003700385942001400422952012400436952012500560999001700685000039951Ost20260321073643.0130731s1993 dr 000 j spa d aDO-SdBNPbspacBNPHU aRD863.44bB742c, 19931 a Bosch, Juan, d1909-200197655510aCuentos escritos en el exilio /cJuan Bosch. avigésima edición aSanto Domingo :bAlfa y omega,c1993. a279 p. ;c21 cm. aInventariado, 2020 / DG 0aCuentos dominicanos9176 0aLiteratura dominicana.967 aValidado. Control de calidad MFF 2ddccLBS1 0010718PDaPDbPDcHDd2013-07-31iLF1l0oRD863.44 B742c, 1993p39951-10r2020-06-25w2020-06-25yLFPDZNo se presta 00107-18PDaGRbGRcOId2013-07-31iLF1l0oRD863.44 B742c, 1993p39952-10r2020-06-25w2020-06-25yLFPDZNo se presta c39441d39441